000 00746nam a2200253Ia 4500
003 OSt
005 20220926005429.0
006 a|||||r|||| 00| 0
007 ta
008 220923b |||||||| |||| 00| 0 eng d
020 _a9788181282958
_c195
037 _b6343, 01/03/2008, Sethi Book House
_cGeneral Book
040 _aRTL
_cRTL
_beng
041 _2eng
_aeng
082 _aB466, N8
100 _aMatthews pc
_9310300
245 0 _aVector calculus
260 _a New Delhi
_bSpringer
_c1998
300 _aix,182p
_ccm.
490 _aSpringer Under Graduate Mathematics Series
650 _aEconomics
942 _hB466, N8
_cGB
_2CC
999 _c613828
_d613828